000 00239nam a22000857a 4500
999 _c2800
_d2800
008 160816b xxu||||| |||| 00| 0 eng d
100 _9145
_aSumita Arora
245 _aMove fast with Informatics Practices-XII
260 _aNew Delhi
_bDhanpat Rai publication
_c2015